00585nam a2200169 a 450000500170000000800410001702000180005805000210007610000250009724500460012226000400016830000070020865000310021565000290024699900190027595201210029420140412111410.0070207s19uu xx 00 eng d a81-7862-166-5 aM 423bWo89 2003 aMathur, Chandralekha aWorking with nouns /cChadralekha Mathur. aNew Delhi :bSterling press,c2003. a40 aEnglish language-- Grammar aEnglish language-- Usage c105661d105661 00104050aELbELcMd2007-02-07eLib. Fundg39.75l0oM 423 Wo89 2003pE10501r2014-04-12 00:00:00w2014-04-12yBK